01462nab a22002537a 4500999001500000003000400015005001700019008004100036040000700077100002900084245009000113260007200203300001300275500005000288505047500338505009000813650002600903650003000929650003700959650003600996650002501032773013801057942001301195 c6006d6006OSt20260115230845.0190605e xxu||||| |||| 00| 0 spa d cPJ 96781aAlvez, Facundo M. 13aEl peso probatorio de las videograbaciones en el proceso laboral /cFacundo M. Alvez. aCiudad Autónoma de Buenos Aires :bThomson Reuters La Ley,c2025. ap. 33-42 aCita Online: Cita: TR LALEY AR/DOC/855/2025. aSumario: I. Introducción.— II. Poder de dirección y control tecnológico en el entorno digital de la empresa.— III. Las fases de la prueba electrónica.— IV. La valoración probatoria. Marco conceptual. Los sistemas de valoración.— V. La importancia de los llamados "tests de admisibilidad". Análisis.— VI. Apartado jurisprudencial de la cuestión: a propósito de un destacado fallo de la Provincia de San Luis.— VII. Consideraciones finales.  t¿Te interesa el texto completo? Solicitalo al correo: koha@justierradelfuego.gov.ar  091316aDERECHO LABORAL 091323aCONTRATO DE TRABAJO 091383aLEY DE CONTRATO DE TRABAJO 094428aRELACIÓN DE DEPENDENCIA 096170aFRAUDE LABORAL0 0271193168dCiudad Autónoma de Buenos Aires : Thomson Reuters La Ley, 1999-2002.tRevista de derecho del trabajo. Nº 3 - Mayo 2025 2udccANA